000 00749nam a2200193 a 4500
008 110906s1981 ||||||||||||||||| || u
020 _a081210756X
050 _aQM 557 Fio
100 _aFiore, Mariano S. H. di
245 1 0 _aAtlas of human histology.-- 5th ed.
_cMariano S. H. di Fiore; with the collaboration of Ida G. Schmidt
250 _a5th ed.
260 _aPhiladelphia, PA
_bLea and Febiger
_c1981
300 _a267p.: ill.
350 _a0.00
650 0 _aHISTOLOGY--ATLASES
650 _aMEDICINE
700 _aSchmidt, Ida G., 1902-
995 _aMICHAEL CHILUFYA SATA OPEN ACCESS
_D0.00
_e900403
_FCBU-SCHOOL OF MEDICINE LIBRARY (Ndola)
_H1
_I0.00
_jQM 557 Fio
_M1
_UAVAILABLE
_WOct 25, 2011
_y900403
_ZMedical Library Open Access Collection
999 _c30797
_d30797